Vista normal Vista MARC

Entrada Materia (personas)

Número de registros utilizados en: 1

001 - CONTROL NUMBER

  • control field: 92759

003 - CONTROL NUMBER IDENTIFIER

  • control field: Co-BoUCM

005 - DATE AND TIME OF LATEST TRANSACTION

  • control field: 20180605115317.0

008 - FIXED-LENGTH DATA ELEMENTS

  • fixed length control field: 180605|| aca||aabn | a|a d

040 ## - CATALOGING SOURCE

  • Original cataloging agency: Co-BoUCM
  • Transcribing agency: Co-BoUCM

100 ## - HEADING--PERSONAL NAME

  • Personal name: Montoya Rojas, Grace Andrea

670 ## - SOURCE DATA FOUND

  • Source citation: Work cat.: (Co-BoUCM)309964: Montoya Rojas, Grace Andrea, Lineamientos epistemológicos para la aplicación de la geografía del suelo, 2018